Podniková politika kvality Základní principy ISO 9000 a TQM
Presadenie ideí kvality do všetkých úsekov podniku a všetkých fáz životného cyklu výrobku. Potreba definície kvality na všetkých úsekoch, aby pojmy dodávateľ, výrobok a zákazník boli rovnako chápané a používané. Norma ISO 9000 v praxi. Globálny proces TQM a podniková politika. Náklady na kvalitu a k...
Enregistré dans:
| Auteur principal: | |
|---|---|
| Format: | Chapitre de livre |
| Langue: | tchèque |
| Sujets: | |
| Tags: |
Pas de tags, Soyez le premier à ajouter un tag!
|
MARC
| LEADER | 00000naa a2200000 4500 | ||
|---|---|---|---|
| 001 | r020249 | ||
| 005 | 20221208131036.1 | ||
| 041 | 0 | |a cze | |
| 044 | |a CZ | ||
| 245 | 1 | 0 | |a Podniková politika kvality |b Základní principy ISO 9000 a TQM |c P. Řeháček |
| 520 | |a Presadenie ideí kvality do všetkých úsekov podniku a všetkých fáz životného cyklu výrobku. Potreba definície kvality na všetkých úsekoch, aby pojmy dodávateľ, výrobok a zákazník boli rovnako chápané a používané. Norma ISO 9000 v praxi. Globálny proces TQM a podniková politika. Náklady na kvalitu a kríza kvality. | ||
| 610 | 2 | 0 | |a kvalita |
| 610 | 2 | 0 | |a podnik |
| 610 | 2 | 0 | |a politika podniková |
| 610 | 2 | 0 | |a ISO 9000 |
| 610 | 2 | 0 | |a TQM |
| 610 | 2 | 0 | |a životnosť výrobkov |
| 610 | 2 | 0 | |a výrobky |
| 610 | 2 | 0 | |a pojmy |
| 610 | 2 | 0 | |a riadenie kvality |
| 610 | 2 | 0 | |a náklady |
| 100 | 1 | |a Řeháček, P. | |